Statistics for top 25 nba players right now

Click here to take the quiz!

General Stats

  • This quiz has been taken 20 times
    (14 since last reset)
  • The average score is 18 of 25

Answer Stats

RankAnswer% Correct
3Kevin Durant
100%
5LeBron James
100%
1Giannis Antetokounmpo
92%
11Kyrie Irving
92%
7Luka Doncic
92%
4Nikola Jokic
92%
17Anthony Davis
83%
2Joel Embiid
83%
6Steph Curry
83%
18James Harden
75%
12Ja Morant
75%
9Jayson Tatum
75%
8Kawhi Leonard
75%
21Chris Paul
67%
13Damian Lillard
67%
23Donovan Mitchell
67%
20Paul George
67%
10Trae Young
67%
14Devin Booker
58%
25Jaylen Brown
58%
16Jimmy Butler
58%
15Demar Derozan
50%
19Karl-Anthony Towns
50%
22Rudy Gobert
50%
24Bradley Beal
33%

Score Distribution

Percentile by Number Answered

Percent of People with Each Score

Your Score History

You have not taken this quiz since the last reset